000
00247nam a2200097Ia 4500
001
727556
005
20250826163451.0
008
250824s9999 xx 000 0 und d
245
0
_a
BARIŞ IN GÜNLÜĞÜ
_c
HAMDULLAH KÖSEOĞLU
260
_b
BU YAYINEVİ
999
_c
727556
_d
727556